00206nam a2200085Ia 450000500170000000800410001724500350005826000100009399900170010320250523150954.0250523s9999 xx 000 0 und d 0aENDİŞE AĞACIcMARİANNE bALTIN c11894d11894